Sobre los orígenes de la tipografía moderna: Trajano redivivo. La ninfa y la gruta
Salvato in:
| Autore principale: | |
|---|---|
| Natura: | Libro |
| Lingua: | spagnolo |
| Pubblicazione: |
Valencia
Campgrafic
2010
|
| Soggetti: | |
| Tags: |
Aggiungi Tag
Nessun Tag, puoi essere il primo ad aggiungerne!!
|
MARC
| LEADER | 00000cam a2200000 a 4500 | ||
|---|---|---|---|
| 001 | UCG4857 | ||
| 003 | CL-VaPUC | ||
| 008 | 101209e20100000SP |||||||||||||||||spa|d | ||
| 020 | |a 9788496657199 | ||
| 082 | 0 | 4 | |a 686.22 |b MOS |2 21 |
| 100 | |a Mosley, James |e autor |9 554328 | ||
| 245 | 1 | 0 | |a Sobre los orígenes de la tipografía moderna: Trajano redivivo. La ninfa y la gruta |
| 300 | |a 119 p | ||
| 942 | |c BK | ||
| 945 | |d 20101209 00:00:00 |a dcastane | ||
| 260 | |a Valencia |b Campgrafic |c 2010 | ||
| 650 | 0 | |a Tipografía |9 266998 | |
| 650 | 7 | |a IMPRESION |2 CL-VaPUC |9 266944 | |
| 650 | 0 | |a Artes gráficas |9 265865 | |
| 650 | 0 | |a Historia |9 255047 | |
| 583 | |a last modification |c 20150428 12:40:48 |k Rodrigo Vera | ||
| 999 | |c 343463 |d 343461 | ||
| 952 | |0 0 |1 0 |4 0 |6 686_220000000000000_MOS_2010 |7 0 |8 A |9 440781 |a BIBARQ |b BIBARQ |d 2019-11-22 |i 4741234 |o 686.22 MOS 2010 |p 4741234 |r 2025-01-20 |w 2019-11-22 |y BK |k ARQ | ||
| 952 | |0 0 |1 0 |3 erb |4 0 |6 686_220000000000000_MOS_2010 |7 0 |8 A |9 440782 |a BIBARQ |b BIBARQ |i 5148189 |o 686.22 MOS 2010 |p 5148189 |r 2025-01-20 |w 2019-11-22 |y BK |z Catalogado en:20150430 |k ARQ | ||